000 00529nam a2200181Ia 4500
008 131103s9999 xx 000 0 und d
040 _aLoreto College
041 _aEnglish
082 _a880/PLA
_bLCLIB/
245 _aPlato
_ctranslated by B.Jowell;edited with introduction by Louise Ropes Loomis
260 _aPrinceton
_bD.Van Nostrand
_c1942
300 _aviii,511 p.
_c 19 cm.
440 _aA Classics Club College Edition
504 _aIncludes glossary
700 _aJowett,B.,tr.
850 _aLCLIB
942 _cBK
999 _c5507
_d55986